Management Principles and Practice (Record no. 2236)

MARC details
000 -LEADER
fixed length control field 00394nam a22001697a 4500
005 - DATE AND TIME OF LATEST TRANSACTION
control field 20180625115406.0
008 - FIXED-LENGTH DATA ELEMENTS--GENERAL INFORMATION
fixed length control field 160531b xxu||||| |||| 00| 0 eng d
020 ## - INTERNATIONAL STANDARD BOOK NUMBER
ISBN 817446-125-6
041 ## - LANGUAGE CODE
Language code of text/sound track or separate title eng
082 ## - DEWEY DECIMAL CLASSIFICATION NUMBER
Item number 6346
Classification number 658
100 ## - MAIN ENTRY--AUTHOR NAME
Personal name Diwan, Prag
245 ## - TITLE STATEMENT
Title Management Principles and Practice
260 ## - PUBLICATION, DISTRIBUTION, ETC. (IMPRINT)
Name of publisher Excel Books
300 ## - PHYSICAL DESCRIPTION
Number of Pages 344
650 ## - SUBJECT ADDED ENTRY--TOPICAL TERM
Topical Term Management
942 ## - ADDED ENTRY ELEMENTS (KOHA)
Koha item type Books
Holdings
Lost status Damaged status Collection code Home library Current library Shelving location Date acquired Cost, normal purchase price Full call number Accession Number Koha item type
    MANAGEMENT JRU Library JRU Library SHELF-38-F 31/05/2016 175.00 658 6346 Books
    MANAGEMENT JRU Library JRU Library SHELF-38-F 31/05/2016 175.00 658 6347 Books
    MANAGEMENT JRU Library JRU Library SHELF-38-F 31/05/2016 175.00 658 6348 Books
    MANAGEMENT JRU Library JRU Library SHELF-38-F 31/05/2016 175.00 658 6349 Books
    MANAGEMENT JRU Library JRU Library SHELF-38-F 31/05/2016 175.00 658 6350 Books
    Reference JRU Library JRU Library SHELF-28-F 31/05/2016 175.00 658 6351 Books
    MANAGEMENT JRU Library JRU Library SHELF-38-F 31/05/2016 175.00 658 6352 Books
    MANAGEMENT JRU Library JRU Library SHELF-38-F 31/05/2016 175.00 658 6353 Books